000 00379nam a2200145Ia 4500
008 150201s2004 xx 000 0 und d
082 _a617.5
_bB2004R
100 _aRUSSEL,R.C.G.
245 _aBAILY & LOVES SHORT PRACTICE OF SURGERY
250 _a24TH
260 _bOXFORD UNIVERSITY PRESS
_aOXFORD(LONDON)
_c2004
300 _a1-1522
650 _aSURGERY
942 _2ddc
_cBK
_01
999 _c3667
_d3667